"My sme východ" ocenil Adriána Barana a Bike Team Vranov

Bibliographic Details
Format: Article
Language:Slovak
PhysicalDescription:Fotografie
ISSN:1338-1040
Subjects:

MARC

LEADER 00000nab a2200000 4500
001 vtls011774346
003 SK-MaSNL
005 20260303082356.0
008 180823|20180823xo w||| || ||00 0|slo
040 |e rda 
041 |a slo 
044 |a xo  |c SK 
072 7 |a 394  |x Verejný a spoločenský život. Každodenný život  |2 konspekt 
072 7 |a 663  |x Priemysel nápojov. Kvasný priemysel. Priemysel pochutín  |2 konspekt 
080 |a 394.2  |2 2011 
080 |a 663.4  |2 2011 
245 0 0 |a "My sme východ" ocenil Adriána Barana a Bike Team Vranov  |c im 
300 |b Fotografie 
336 |a text  |b txt  |2 rdacontent 
337 |a bez média  |b n  |2 rdamedia 
338 |a zväzok  |b nc  |2 rdacarrier 
600 1 7 |a Baran, Adrián  |2 vthk  |9 1087176 
611 2 7 |a My sme východ  |d (2018 :  |c Vranov nad Topľou, Slovensko)  |2 vthk  |9 1087177 
651 7 |a Vranov nad Topľou (Slovensko)  |2 vthk  |9 17494 
773 0 |t Vranovské novinky  |g Roč.22, č.34 (2018), s.3  |x 1338-1040 
999 |c 1787739  |d 1789669